European Drawings (Record no. 10955)

MARC details
000 -CABECERA
campo de control de longitud fija 01533nam a22003497a 4500
001 - NÚMERO DE CONTROL
campo de control BRCA_9333
003 - IDENTIFICADOR DEL NÚMERO DE CONTROL
campo de control FranzMayer
005 - FECHA Y HORA DE LA ÚLTIMA TRANSACCIÓN
campo de control 20230918120726.0
008 - DATOS DE LONGITUD FIJA--INFORMACIÓN GENERAL
campo de control de longitud fija 230825b |||||||| |||| 00| 0 eng d
020 ## - NÚMERO INTERNACIONAL ESTÁNDAR DEL LIBRO
Número Internacional Estándar del Libro 0965380556
040 ## - FUENTE DE LA CATALOGACIÓN
Centro catalogador/agencia de origen MFM
Lengua de catalogación esp
Centro/agencia transcriptor MFM
050 #0 - SIGNATURA TOPOGRÁFICA DE LA BIBLIOTECA DEL CONGRESO
Número de clasificación N529.C2
Número de documento/Ítem .N67 2001
110 1# - ENTRADA PRINCIPAL--NOMBRE DE ENTIDAD CORPORATIVA
Código de función/relación Responsable
Nombre de entidad corporativa o nombre de jurisdicción como elemento de entrada The University of North Carolina at Chapel Hill
9 (RLIN) 29167
240 ## - TÍTULO UNIFORME
Título uniforme European Drawings
Medio from the Collection of the Ackland Art Museum
Lenguaje de la obra Inglés
245 0# - MENCIÓN DE TÍTULO
Título European Drawings
Resto del título from the Collection of the Ackland Art Museum
260 ## - PUBLICACIÓN, DISTRIBUCIÓN, ETC.
Lugar de publicación, distribución, etc. Carolina del Norte, EE. UU.
Nombre del editor, distribuidor, etc. The University of North Carolina at Chapel Hill
Fecha de publicación, distribución, etc. 2001
300 ## - DESCRIPCIÓN FÍSICA
Extensión 254 p
Otras características físicas Ilustraciones a color
Dimensiones 30 cm
500 ## - NOTA GENERAL
Nota general Anexo 1
505 ## - NOTA DE CONTENIDO CON FORMATO
Nota de contenido con formato Texto en: inglésIncluye índice temáticoIncluye índice de autoresDirigido a: artistas, museógrafos, historiadores de arte.
650 1# - PUNTO DE ACCESO ADICIONAL DE MATERIA--TÉRMINO DE MATERIA
Fuente del encabezamiento o término Artes visuales
Término de materia o nombre geográfico como elemento de entrada Museos y galerias
Subdivisión de forma Exposiciones especiales
9 (RLIN) 29168
651 2# - PUNTO DE ACCESO ADICIONAL DE MATERIA--NOMBRE GEOGRÁFICO
Fuente del encabezamiento o término Museos de Estados Unidos de América
Nombre geográfico Universidad de Carolina del Norte Chapel Hill
Subdivisión de forma Ackland Art Museum
9 (RLIN) 29169
700 1# - PUNTO DE ACCESO ADICIONAL--NOMBRE DE PERSONA
Código de función/relación Resp
Nombre de persona Gillham, Carol C.
9 (RLIN) 29170
700 1# - PUNTO DE ACCESO ADICIONAL--NOMBRE DE PERSONA
Código de función/relación Resp.
Nombre de persona Wood, Carolyn H.
9 (RLIN) 29171
700 1# - PUNTO DE ACCESO ADICIONAL--NOMBRE DE PERSONA
Código de función/relación Cont.
Nombre de persona Allmendiger, Carolyn M.
9 (RLIN) 29172
700 1# - PUNTO DE ACCESO ADICIONAL--NOMBRE DE PERSONA
Código de función/relación Cont.
Nombre de persona Buck, Elizabeth, G.
9 (RLIN) 29173
700 1# - PUNTO DE ACCESO ADICIONAL--NOMBRE DE PERSONA
Código de función/relación Cont.
Nombre de persona Clements, Catherine
9 (RLIN) 29174
700 1# - PUNTO DE ACCESO ADICIONAL--NOMBRE DE PERSONA
Código de función/relación Cont.
Nombre de persona Keller-Brown, M. Catherine
9 (RLIN) 29175
700 1# - PUNTO DE ACCESO ADICIONAL--NOMBRE DE PERSONA
Código de función/relación Cont.
Nombre de persona Riggs, Timothy
9 (RLIN) 29176
700 1# - PUNTO DE ACCESO ADICIONAL--NOMBRE DE PERSONA
Código de función/relación Cont.
Nombre de persona Schroder, Anne L.
9 (RLIN) 29177
700 1# - PUNTO DE ACCESO ADICIONAL--NOMBRE DE PERSONA
Código de función/relación Cont.
Nombre de persona Yonan, Michael E.
9 (RLIN) 29178
942 ## - ELEMENTOS DE PUNTO DE ACCESO ADICIONAL (KOHA)
Fuente del sistema de clasificación o colocación Library of Congress Classification
Tipo de ítem Koha Libros
Holdings
Estado de retiro Estado de pérdida Fuente del sistema de clasificación o colocación Estado dañado No para préstamo Código de colección Localización permanente Ubicación/localización actual Fecha de adquisición Total de préstamos Signatura topográfica completa Código de barras Fecha visto por última vez Precio válido a partir de Tipo de ítem Koha
El ejemplar forma parte de la colección y puede ser consultado según las políticas vigentes.   Library of Congress Classification     Fondo Contemporáneo Biblioteca del Museo Franz Mayer (Rogerio Casas-Alatriste) Biblioteca del Museo Franz Mayer (Rogerio Casas-Alatriste) 25/08/2023   N529.C2 .N67 2001 CONT10089 25/08/2023 25/08/2023 Libros